000 00668nam a2200229 a 4500
001 000013856
005 20200929163356.0
008 091130s1987 sp 000 f spa d
020 _a843481269X
040 _aDO-SdBNP
_bspa
_cBNPHU
082 _a863.6
_bK96m, 1987
100 1 _aKurtz, Carmen,
_q(Carmen de Rafael Marés),
_d1911-1999
_931385
245 1 3 _aLos mochuelos /
_cCarmen Kurtz.
250 _a4a. ed.
260 _aMadrid :
_bSM,
_c1987.
300 _a173, [2] p. ;
_c21 cm.
490 1 _aGran angular
_v37
650 4 _aNovela española
_91123
650 4 _aLiteratura española
_ySIGLO XX
_93326
830 0 _aGran angular ;
_v37
_926464
049 _aBNGR
999 _c13466
_d13466